[Event "Titled Tuesday intern op 23rd Apr Late"]
[Site "Chess.com INT"]
[Date "2024.04.23"]
[Round "4"]
[White "Zakhartsov, Vladimir"]
[Black "Nihal, Sarin"]
[Result "0-1"]
[WhiteElo "2508"]
[BlackElo "2698"]
[PlyCount "48"]
[EventDate "2024.04.23"]
[EventType "swiss (blitz)"]
[EventRounds "11"]
[EventCountry "USA"]
[SourceTitle "CB18_2024"]
[SourceDate "2024.05.01"]
[SourceVersion "1"]
[SourceVersionDate "2024.05.01"]
[SourceQuality "2"]

1. d4 f5 2. c4 Nf6 3. g3 Nc6 4. Nf3 e6 5. Bg2 d5 6. 0-0 Be7 7. Nc3 Ne4 8. e3 h5 9. Nxe4 dxe4 10. Ne5 Nxe5 11. dxe5 Bd7 12. f3 exf3 13. Bxf3 h4 14. e4 hxg3 15. hxg3 Bc5+ 16. Kg2 Qe7 17. exf5 0-0-0 18. Qb3 Bb6 19. c5 Qxc5 20. Bg5 Rde8 21. f6 Qxe5 22. f7 Ref8 23. Bf4 Qf5 24. a4 Qh3# 0-1

[Event "Titled Tuesday intern op 12th Mar Late"]
[Site "Chess.com INT"]
[Date "2024.03.12"]
[Round "11"]
[White "Zakhartsov, Vladimir"]
[Black "Kosakowski, Jakub"]
[Result "0-1"]
[WhiteElo "2504"]
[BlackElo "2482"]
[PlyCount "100"]
[EventDate "2024.03.12"]
[EventType "swiss (blitz)"]
[EventRounds "11"]
[EventCountry "USA"]
[SourceTitle "CB12_2024"]
[SourceDate "2023.10.01"]
[SourceVersion "1"]
[SourceVersionDate "2023.10.01"]
[SourceQuality "1"]

1. d4 b5 2. e4 Bb7 3. Bd3 e6 4. Qe2 a6 5. Nf3 Nf6 6. 0-0 Be7 7. a4 b4 8. a5 d5 9. e5 Nfd7 10. c3 c5 11. Nbd2 Nc6 12. g3 cxd4 13. cxd4 Nxa5 14. h4 Qb6 15. Rd1 Nc6 16. Nf1 Nxd4 17. Nxd4 Qxd4 18. Bb5 Qb6 19. Bxd7+ Kxd7 20. Be3 Qb5 21. Qg4 g6 22. Nd2 Rhc8 23. Nb3 Rc4 24. Qf3 Ke8 25. Nd4 Qd7 26. h5 Rac8 27. hxg6 hxg6 28. Kg2 Bc5 29. Rh1 Kd8 30. Rh7 Bxd4 31. Bg5+ Kc7 32. Rxf7 Qxf7 33. Qxf7+ Kb8 34. Qxe6 Bxb2 35. Rb1 Bc3 36. Qd6+ Ka8 37. e6 d4+ 38. Kg1 Rh8 39. Bh4 Rc6 40. Qd7 g5 41. e7 Rcc8 42. Kh2 gxh4 43. g4 Rce8 44. f4 h3 45. f5 d3 46. f6 Be5+ 47. Kg1 h2+ 48. Kf2 Bxf6 49. Rxb4 h1Q 50. Rxb7 Qxb7 0-1

[Event "Moscow Aeroflot op-A"]
[Site "Moscow"]
[Date "2024.03.04"]
[Round "3"]
[White "Zakhartsov, Vladimir"]
[Black "Bazeev, German"]
[Result "1-0"]
[WhiteElo "2504"]
[BlackElo "2369"]
[PlyCount "79"]
[EventDate "2024.03.03"]
[EventType "swiss"]
[EventRounds "9"]
[EventCountry "RUS"]
[SourceTitle "CB11_2024"]
[SourceDate "2024.03.13"]
[SourceVersion "1"]
[SourceVersionDate "2024.03.13"]
[SourceQuality "1"]

1. d4 d5 2. c4 c6 3. Nf3 Nf6 4. e3 Bf5 5. Nc3 e6 6. Be2 h6 7. 0-0 Nbd7 8. a3 Bd6 9. b4 g5 10. Bd3 g4 11. Nh4 Bxd3 12. Qxd3 Ne4 13. g3 Nxc3 14. Qxc3 Nf6 15. b5 Ne4 16. Qd3 Be7 17. f3 Nd6 18. bxc6 bxc6 19. c5 Nc4 20. Ng2 gxf3 21. Nf4 Bf6 22. Nh5 Be7 23. e4 dxe4 24. Qxc4 Qd5 25. Qxd5 cxd5 26. Rb1 e5 27. Be3 0-0 28. dxe5 Rfd8 29. Bd4 Rac8 30. Nf6+ Kg7 31. Rfc1 Rc6 32. Rb7 Bxf6 33. exf6+ Kg6 34. Kf2 Rdc8 35. Rd7 Ra6 36. Rc3 Rb8 37. Rc2 Rxa3 38. c6 Rd3 39. c7 Rc8 40. Rxd5 1-0

[Event "Moscow-ch op Superfinal"]
[Site "Ershovo"]
[Date "2024.02.24"]
[Round "2"]
[White "Zakhartsov, Vladimir"]
[Black "Karatorossian, David"]
[Result "1-0"]
[WhiteElo "2504"]
[BlackElo "2232"]
[PlyCount "58"]
[EventDate "2024.02.23"]
[EventType "swiss"]
[EventRounds "10"]
[EventCountry "RUS"]
[SourceTitle "CB10_2024"]
[SourceDate "2024.03.06"]
[SourceVersion "1"]
[SourceVersionDate "2024.03.06"]
[SourceQuality "1"]

1. d4 Nf6 2. c4 g6 3. Nc3 Bg7 4. e4 0-0 5. Be3 d6 6. h3 c5 7. d5 b5 8. cxb5 a6 9. a4 e6 10. dxe6 Bxe6 11. e5 Nfd7 12. exd6 Qa5 13. Nf3 Qb4 14. Qc1 c4 15. Be2 Nc5 16. Bxc5 Qxc5 17. 0-0 Qxd6 18. Rd1 Qb4 19. Nd4 Bxd4 20. Rxd4 Rc8 21. Bg4 Bxg4 22. hxg4 Ra7 23. Nd5 Qc5 24. Qc3 axb5 25. Nf6+ Kf8 26. Nxh7+ Kg8 27. Nf6+ Kf8 28. Rd5 Qb6 29. Nd7+ Rxd7 1-0

[Event "Titled Tuesday intern op 06th Feb Early"]
[Site "Chess.com INT"]
[Date "2024.02.06"]
[Round "2"]
[White "Domin, Yan"]
[Black "Zakhartsov, Vladimir"]
[Result "1-0"]
[WhiteElo "2209"]
[BlackElo "2504"]
[PlyCount "93"]
[EventDate "2024.02.06"]
[EventType "swiss (blitz)"]
[EventRounds "11"]
[EventCountry "USA"]
[SourceTitle "CB07_2024"]
[SourceDate "2024.02.14"]
[SourceVersion "1"]
[SourceVersionDate "2024.02.14"]
[SourceQuality "1"]

1. e4 c5 2. Nf3 d6 3. d4 Nf6 4. Nc3 cxd4 5. Qxd4 Bd7 6. Bc4 Nc6 7. Qd3 g6 8. Bg5 Bg7 9. Bb3 0-0 10. 0-0-0 Qa5 11. Kb1 Rac8 12. Bd2 Qc7 13. Nd5 Nxd5 14. exd5 Na5 15. Nd4 Nxb3 16. axb3 Qc5 17. Bc3 Qxd5 18. Qe3 Qxg2 19. Qxe7 Bg4 20. Rhg1 Qh3 21. Rd3 Qh5 22. Qxb7 a5 23. Rdg3 Bxd4 24. Bxd4 Bf5 25. Bc3 Qe2 26. Rc1 Qxf2 27. Rf3 Qg2 28. Qd5 Rc5 29. Qd4 Re5 30. Rxf5 gxf5 31. Rg1 Qg6 32. Rxg6+ hxg6 33. Qxd6 Re6 34. Qd4 f6 35. Qd5 Rfe8 36. Bxf6 Kf7 37. Bd4 R8e7 38. c3 f4 39. Qf3 g5 40. Qh5+ Kf8 41. Qxg5 Rf7 42. Qd8+ Re8 43. Bc5+ Kg7 44. Qxe8 f3 45. Bd4+ Kg6 46. Qxf7+ Kh6 47. Be3# 1-0

[Event "Titled Tuesday intern op 06th Feb Late"]
[Site "Chess.com INT"]
[Date "2024.02.06"]
[Round "3"]
[White "Prado Lobo, Jonas"]
[Black "Zakhartsov, Vladimir"]
[Result "0-1"]
[WhiteElo "2383"]
[BlackElo "2504"]
[PlyCount "38"]
[EventDate "2024.02.06"]
[EventType "swiss (blitz)"]
[EventRounds "11"]
[EventCountry "USA"]
[SourceTitle "CB07_2024"]
[SourceDate "2024.02.14"]
[SourceVersion "1"]
[SourceVersionDate "2024.02.14"]
[SourceQuality "1"]

1. d4 Nf6 2. Nf3 e6 3. Bf4 c5 4. c3 Nc6 5. e3 d5 6. Nbd2 Bd6 7. Bg3 0-0 8. Bd3 Qe7 9. Bxd6 Qxd6 10. dxc5 Qxc5 11. e4 e5 12. exd5 Qxd5 13. Qc2 e4 14. Nxe4 Nxe4 15. Bxe4 Re8 16. 0-0 Rxe4 17. Rad1 Qf5 18. Rde1 Rxe1 19. Rxe1 Be6 0-1

[Event "Titled Tuesday intern op 06th Feb Late"]
[Site "Chess.com INT"]
[Date "2024.02.06"]
[Round "4"]
[White "Zakhartsov, Vladimir"]
[Black "Erzhanov, Arman"]
[Result "1-0"]
[WhiteElo "2504"]
[BlackElo "2156"]
[PlyCount "163"]
[EventDate "2024.02.06"]
[EventType "swiss (blitz)"]
[EventRounds "11"]
[EventCountry "USA"]
[SourceTitle "CB07_2024"]
[SourceDate "2024.02.14"]
[SourceVersion "1"]
[SourceVersionDate "2024.02.14"]
[SourceQuality "1"]

1. Nf3 d6 2. d4 Bg4 3. e4 Nf6 4. Nc3 e6 5. h3 Bxf3 6. Qxf3 d5 7. Bg5 dxe4 8. Nxe4 Nbd7 9. Nxf6+ gxf6 10. Be3 c6 11. 0-0-0 Qa5 12. Kb1 0-0-0 13. g4 Bd6 14. Bc4 Be7 15. Bb3 Nb6 16. c3 Nd5 17. Bd2 Qb6 18. h4 Kb8 19. g5 f5 20. Qh5 Rdf8 21. c4 Nc7 22. Bf4 Kc8 23. Qh6 Qb4 24. Be5 Rhg8 25. Qxh7 a5 26. Rc1 a4 27. Bd1 a3 28. b3 Na6 29. Qh5 Qd2 30. Qe2 Qxe2 31. Bxe2 f6 32. gxf6 Bxf6 33. Bxf6 Rxf6 34. Rcg1 Rfg6 35. Rxg6 Rxg6 36. h5 Rh6 37. Rg1 Nc7 38. Kc2 Ne8 39. Rg6 Rh7 40. Rxe6 Kd7 41. Rg6 Ke7 42. Kc3 Kf7 43. Kb4 Nf6 44. Kxa3 Nxh5 45. Bxh5 Rxh5 46. Rg2 Rh4 47. Kb4 Rxd4 48. Rh2 Rd2 49. a4 Rb2 50. Rh7+ Ke6 51. Rxb7 Rxf2 52. Kc5 f4 53. Kxc6 f3 54. Rb8 Ke7 55. Rh8 Rb2 56. Rh1 Rxb3 57. Rf1 Rb4 58. c5 Rxa4 59. Rxf3 Ra6+ 60. Kb7 Ra4 61. Re3+ Kd7 62. Rd3+ Ke7 63. c6 Rb4+ 64. Kc8 Rc4 65. c7 Rb4 66. Re3+ Kd6 67. Kd8 Rc4 68. c8Q Rxc8+ 69. Kxc8 Kd5 70. Re8 Kd4 71. Rd8+ Kc5 72. Kc7 Kb5 73. Rd6 Kb4 74. Kc6 Kb3 75. Rd4 Kc3 76. Kc5 Kb3 77. Rd3+ Kb2 78. Kc4 Kc2 79. Rd4 Kb2 80. Rd2+ Kc1 81. Kc3 Kb1 82. Rf2 1-0

[Event "Titled Tuesday intern op 06th Feb Late"]
[Site "Chess.com INT"]
[Date "2024.02.06"]
[Round "9"]
[White "Zakhartsov, Vladimir"]
[Black "Golubev, Mikhail"]
[Result "0-1"]
[WhiteElo "2504"]
[BlackElo "2461"]
[PlyCount "64"]
[EventDate "2024.02.06"]
[EventType "swiss (blitz)"]
[EventRounds "11"]
[EventCountry "USA"]
[SourceTitle "CB07_2024"]
[SourceDate "2024.02.14"]
[SourceVersion "1"]
[SourceVersionDate "2024.02.14"]
[SourceQuality "1"]

1. Nf3 d6 2. d4 Nf6 3. c4 g6 4. g3 Bg7 5. Bg2 0-0 6. Nc3 Nbd7 7. 0-0 e5 8. e4 Re8 9. Re1 exd4 10. Nxd4 c6 11. b3 Ng4 12. Bb2 Nc5 13. Re2 Ne5 14. Rd2 Qf6 15. Nce2 Bg4 16. h3 Bf3 17. Nxf3 Nxf3+ 18. Kh1 Nxe4 19. Nf4 Nfxd2 20. Bxf6 Nxf2+ 21. Kg1 Nxd1 22. Bxg7 Re1+ 23. Kh2 Kxg7 24. Nd3 Rae8 25. Nxe1 Rxe1 26. a4 Nxb3 27. Rb1 Nd2 28. Rxb7 Re2 29. Kg1 d5 30. cxd5 Ne3 31. dxc6 Rxg2+ 32. Kh1 Nf3 0-1

[Event "Ekaterinburg Scerbin Memorial Blitz"]
[Site "Ekaterinburg"]
[Date "2024.01.12"]
[Round "11"]
[White "Drygalov, Sergey"]
[Black "Zakhartsov, Vladimir"]
[Result "0-1"]
[WhiteElo "2547"]
[BlackElo "2509"]
[PlyCount "115"]
[EventDate "2024.01.12"]
[EventType "swiss (blitz)"]
[EventRounds "13"]
[EventCountry "RUS"]
[SourceTitle "CB03_2024"]
[SourceDate "2024.01.17"]
[SourceVersion "1"]
[SourceVersionDate "2024.01.17"]
[SourceQuality "1"]

1. d4 Nf6 2. c4 e6 3. Nf3 d5 4. Nc3 c5 5. e3 Nc6 6. a3 a6 7. dxc5 Bxc5 8. b4 Ba7 9. Be2 0-0 10. Bb2 dxc4 11. Bxc4 b5 12. Bd3 Bb7 13. Ne4 Nxe4 14. Bxe4 Na5 15. Bxb7 Nxb7 16. 0-0 Nd6 17. Ne5 f6 18. Nc6 Qd7 19. Nxa7 Rxa7 20. Bd4 Rb7 21. Bc5 Rd8 22. Qf3 Qc8 23. a4 Nc4 24. axb5 axb5 25. Rfd1 Rbd7 26. Rxd7 Qxd7 27. h3 Nd2 28. Qg4 Nb3 29. Ra7 Qd1+ 30. Qxd1 Rxd1+ 31. Kh2 Nd2 32. g4 Ne4 33. f3 Rd2+ 34. Kg1 Ng5 35. f4 Nxh3+ 36. Kf1 Nf2 37. f5 exf5 38. gxf5 h5 39. Rb7 h4 40. Kg2 Ne4+ 41. Kh3 Rf2 42. Kxh4 Rxf5 43. Rxb5 Kh7 44. Kg4 Kg6 45. Ra5 Re5 46. Kf4 Nf2 47. Bd4 Re8 48. b5 Nd3+ 49. Kf3 Nb4 50. Ra4 Nd5 51. e4 Nc7 52. b6 Ne6 53. Be3 Rb8 54. Ra7 Ng5+ 55. Kf4 Nf7 56. Bc5 Ne5 57. Kg3 Nd3 58. Rc7 0-1

[Event "Ekaterinburg Scerbin Memorial Blitz"]
[Site "Ekaterinburg"]
[Date "2024.01.12"]
[Round "12"]
[White "Zakhartsov, Vladimir"]
[Black "Shimanov, Aleksandr"]
[Result "1-0"]
[WhiteElo "2509"]
[BlackElo "2578"]
[PlyCount "97"]
[EventDate "2024.01.12"]
[EventType "swiss (blitz)"]
[EventRounds "13"]
[EventCountry "RUS"]
[SourceTitle "CB03_2024"]
[SourceDate "2024.01.17"]
[SourceVersion "1"]
[SourceVersionDate "2024.01.17"]
[SourceQuality "1"]

1. e4 e5 2. Nf3 Qe7 3. Nc3 c6 4. d4 d6 5. a4 Nf6 6. dxe5 dxe5 7. Bc4 Bg4 8. h3 Bh5 9. Qe2 Qc7 10. Bg5 Nbd7 11. Bd2 Bb4 12. 0-0 0-0 13. Bd3 a5 14. Bg5 h6 15. Bh4 Rfe8 16. Nd1 Bg6 17. c3 Bf8 18. Bc2 Nh5 19. Ne3 Nf4 20. Qd2 Nc5 21. Nf5 f6 22. Bg3 Rad8 23. Qe3 Bf7 24. Rfd1 Qb6 25. Rdb1 Qc7 26. Rd1 g6 27. N5h4 h5 28. Bxf4 exf4 29. Qe2 Qe7 30. e5 f5 31. g3 fxg3 32. fxg3 Rxd1+ 33. Rxd1 Rd8 34. Rxd8 Qxd8 35. e6 Be8 36. Nd4 Qf6 37. Nhf3 Bd6 38. Kg2 Na6 39. Bd3 Nc7 40. Bc4 Kg7 41. h4 c5 42. Nb5 Bxb5 43. axb5 b6 44. Qd3 Qe7 45. Ng5 Ne8 46. Nf7 Bc7 47. Qe3 Qf6 48. Qh6+ Kg8 49. e7 1-0